Active manpower policy : final report of the International Management Seminar, Brussels, 14th - 17th April, 1964.

Saved in:
Bibliographic Details
Corporate Author: International Management Seminar Brussels
Format: Conference Proceeding Book
Language:English
Published: Paris : Manpower and Social Affairs Directorate, Social Affairs Division, Organisation for Economic Co-operation and Development, 1965.
Subjects:
LEADER 00997nam a22002171 4500
001 c000364344
003 CARM
005 00000000000000.0
008 851113s1965 fr 0 eng d
019 1 |a 4156252  |5 LACONCORD2021 
035 |a (OCoLC)219654914  |5 LACONCORD2021 
111 2 0 |a International Management Seminar  |d (1964 :  |c Brussels) 
245 1 0 |a Active manpower policy :  |b final report of the International Management Seminar, Brussels, 14th - 17th April, 1964. 
260 |a Paris :  |b Manpower and Social Affairs Directorate, Social Affairs Division, Organisation for Economic Co-operation and Development,  |c 1965. 
500 |a At head of title: International Seminars, 1964-1. 
650 0 |a Labor mobility. 
650 0 |a Labor supply. 
852 8 |b CARM  |h A1:AL19B0  |i B10394  |p 0447805  |f BK 
082 0 4 |a 331.12 
999 f f |i bc2bd3b9-a230-56fd-9327-c46e59c3a4a4  |s 0d81d7f3-f96d-539d-8374-ffc766950f61 
952 f f |p Can circulate  |a CAVAL  |b CAVAL  |c CAVAL  |d CARM 1 Store  |e B10394  |f A1:AL19B0  |h Other scheme  |i book  |m 0447805